MVP de las 10 ultimas finales de UCL - Estadísticas

Estadísticas generales
  • Esta prueba ha sido intentada 74 veces
  • La puntuación promedio es 6 de 10
Estadísticas de respuestas
Hint Respuesta % Correcto
2015/16 Cristiano Ronaldo
93%
2016/17 Cristiano Ronaldo
93%
2022/23 Rodri Hernández
71%
2024/25 Désiré Doué
69%
2023/24 Daniel Carvajal
66%
2021/22 Thibaut Courtois
62%
2017/18 Luka Modric
53%
2019/20 Robert Lewandowski
41%
2020/21 N'Golo Kanté
36%
2018/19 Virgil van Dijk​
34%
No se encontraron pruebas coincidentes
Distribución de puntuación
Porcentaje de gente con cada puntuación
Porcentaje por número respondido
Historial de tus puntuaciones
No has intentado esta prueba.